Himno Nacional Vasco - Euzko Abendaren Ereserkia - Estadísticas

Estadísticas generales
  • Esta prueba ha sido intentada 21 veces
  • La puntuación promedio es 15 de 41
Estadísticas de respuestas
Respuesta % Correcto
Euzkadi
94%
Euzkadi
94%
Gora
78%
gora
78%
gora
78%
ta
72%
ta
72%
ta
72%
ta
72%
da
39%
bat
33%
Jaun
33%
Jaun
33%
Aintza
28%
aintza
28%
Aintza
28%
aintza
28%
bere
28%
bere
28%
bere
28%
beti
28%
goiko
28%
goiko
28%
bera
22%
Bizkaian
22%
geure
22%
Onari
22%
Onari
22%
sendo
22%
Zar
22%
zindo
22%
Abestu
17%
Areitz
17%
Areitz
17%
Deuna
17%
dogu
17%
gainean
17%
Gurutza
17%
lakua
17%
goiburu
11%
Lagia
11%
No se encontraron pruebas coincidentes
Distribución de puntuación
Porcentaje de gente con cada puntuación
Porcentaje por número respondido
Historial de tus puntuaciones
No has intentado esta prueba.